000 00574nam a22001937a 4500
003 OSt
005 20160625103557.0
008 160625b xxu||||| |||| 00| 0 eng d
020 _a0-02-864232-5
040 _cLIC
082 _22002
_aDC 005.4
_bM16c
100 _910486
_aMcFedries, Paul.
245 _aThe complete idiot's guide to Windows XP /
_cPaul McFedries
260 _aIndianapolis, IN :
_bAlpha,
_cc2002.
300 _axxiv, 454 pages :
_billustrations;
_c24 cm.
365 _b3,840.00
_cPhp
650 0 _910487
_aOperating systems (Computers)
942 _2ddc
_cDC
999 _c3141
_d3141